[Event "Dutch Open 2012"]
[Site "Dieren NED"]
[Date "2012.07.27"]
[Round "4.9"]
[White "Maatman,Nick"]
[Black "Heemskerk,W"]
[Result "1/2-1/2"]
[WhiteElo "2123"]
[BlackElo "2252"]

1.d4 Nf6 2.c4 e6 3.Nc3 d5 4.Nf3 Be7 5.Bf4 O-O 6.e3 b6 7.Bd3 dxc4 8.Bxc4 Bb7
9.O-O c5 10.Qe2 cxd4 11.exd4 Nc6 12.d5 Nxd5 13.Nxd5 exd5 14.Rad1 Na5 15.Bb5 Bd6
16.Bg5 Qc8 17.Nd4 Nc4 18.Rc1 Bc5 19.Rfd1 Bxd4 20.Rxd4 Qf5 21.Be7 Rfc8 22.Re1 Bc6
23.Bxc4  1/2-1/2

[Event "TCh-CRC Premier 2012"]
[Site "San Jose CRC"]
[Date "2012.07.27"]
[Round "6.3"]
[White "Machado Ramirez,A"]
[Black "Castillo Trujillo,I"]
[Result "1-0"]
[WhiteElo "2046"]
[BlackElo "2057"]

1.d4 e6 2.c4 d5 3.Nc3 Be7 4.Bf4 Nf6 5.Nf3 O-O 6.e3 Nbd7 7.h3 c6 8.Bd3 b6
9.O-O Bb7 10.Qe2 a6 11.Rfd1 c5 12.cxd5 exd5 13.Rac1 c4 14.Bb1 b5 15.e4 dxe4
16.Nxe4 Nxe4 17.Bxe4 Bxe4 18.Qxe4 Nf6 19.Qb7 Nd5 20.Bg3 f6 21.a4 Rf7 22.axb5 Ba3
23.Qc6 Bxb2 24.Rxc4 axb5 25.Qxb5 Ba3 26.Rb1 Bf8 27.Re1 Re7 28.Rxe7 Bxe7 29.Rc6 Qa5
30.Rc8+ Bf8 31.Qxa5  1-0

[Event "PAB Romania Open 2012"]
[Site "Arad ROU"]
[Date "2012.07.28"]
[Round "2.15"]
[White "Battaglini,G"]
[Black "Visanescu,D"]
[Result "1-0"]
[WhiteElo "2419"]
[BlackElo "2019"]

1.d4 d5 2.Nf3 e6 3.c4 Nf6 4.Nc3 Be7 5.Bf4 O-O 6.e3 b6 7.cxd5 exd5 8.Bd3 Bb7
9.O-O Nbd7 10.Qe2 a6 11.Rac1 c5 12.Rfd1 Re8 13.Bf5 g6 14.Bh3 Nh5 15.Bh6 Bf8
16.Bxd7 Qxd7 17.Bxf8 Kxf8 18.Qd2 Rad8 19.b3 Ng7 20.Na4 cxd4 21.exd4 Qd6 22.Qh6 f6
23.Qxh7 Kf7 24.Nh4 f5 25.Nxg6  1-0

[Event "Dutch Open 2012"]
[Site "Dieren NED"]
[Date "2012.07.28"]
[Round "5.7"]
[White "Popilski,G"]
[Black "Vogel,Ja"]
[Result "1/2-1/2"]
[WhiteElo "2450"]
[BlackElo "2179"]

1.Nf3 e6 2.c4 Nf6 3.Nc3 d5 4.d4 Be7 5.Bf4 O-O 6.e3 b6 7.Bd3 c5 8.O-O dxc4
9.Bxc4 Bb7 10.Qe2 Nbd7 11.Rfd1 Qc8 12.Rac1 a6 13.a4 Rd8 14.e4 Nf8 15.h3 Ng6
16.Bh2 cxd4 17.Nxd4 Bc5 18.Nc2 a5 19.Rxd8+ Qxd8 20.Rd1 Qe7 21.e5 Nd7 22.Bd3 Bb4
23.Be4 Nc5 24.Bxb7 Qxb7 25.Na2 Nxa4 26.Naxb4 axb4 27.Nxb4 h6 28.Bg3 Qc7 29.Ra1 Qc5
30.Qe4 Ra5 31.Nd3 Qb5 32.Rd1 Qd5 33.Qe2 Nc5 34.Nxc5 Qxc5 35.Rd8+ Kh7 36.Kh2 Ra1
37.Rd1 Rxd1 38.Qxd1 Nxe5 39.Bf4 Ng6 40.Bg3 h5 41.Qd3 b5 42.f3 Qc4 43.Qb1 h4
44.Bf2 f5 45.Qd1 e5 46.b3 Qf4+ 47.Kg1 Qg5 48.Kh1 e4 49.fxe4 fxe4 50.Qe2 Qf5  1/2-1/2

[Event "Washington International 2012"]
[Site "Rockville USA"]
[Date "2012.07.28"]
[Round "2.2"]
[White "Onischuk,Al"]
[Black "Morrison,W"]
[Result "1-0"]
[WhiteElo "2666"]
[BlackElo "2330"]

1.d4 Nf6 2.c4 e6 3.Nc3 d5 4.Nf3 Be7 5.Bf4 O-O 6.e3 b6 7.cxd5 Nxd5 8.Nxd5 exd5
9.Bd3 c5 10.Qc2 h6 11.Ne5 cxd4 12.exd4 Bb4+ 13.Bd2 Bxd2+ 14.Qxd2 f6 15.Nf3 Re8+
16.Kf1 Ba6 17.g3 Re4 18.Kg2 Bxd3 19.Qxd3 Nc6 20.Rac1 Qd6 21.Rc3 Rae8 22.Rhc1 Na5
23.b3 R4e7 24.Nh4 Re4 25.Rc7 Qe6 26.Qf3 Re7 27.Rxe7 Qxe7 28.Rc8+ Kf7 29.Qh5+  1-0

[Event "ch-AUT 2012"]
[Site "Zwettl AUT"]
[Date "2012.07.28"]
[Round "8.5"]
[White "Kreisl,R"]
[Black "Srienz,C"]
[Result "1/2-1/2"]
[WhiteElo "2404"]
[BlackElo "2300"]

1.Nf3 Nf6 2.c4 e6 3.Nc3 d5 4.d4 Be7 5.Bf4 O-O 6.Rc1 c5 7.dxc5 Bxc5 8.e3 Nc6
9.a3 Be7 10.cxd5 exd5 11.Bd3 Bg4 12.O-O d4 13.exd4 Nxd4 14.Bxh7+ Kxh7 15.Qxd4 Bxf3
16.Qxd8 Rfxd8 17.gxf3 Nh5 18.Be3 Bf6 19.Rc2 a6 20.Rfc1 Be5 21.Ne2 Rd5 22.Kg2 Rad8
23.f4 Bd6 24.Kf3 Rd7 25.Ng3 Nf6 26.Ne4 Nxe4 27.Kxe4 Be7 28.Kf3 f5 29.Ke2 Bf6
30.b3 Kg6 31.a4 Kf7 32.Rc7 Ke6 33.R1c2 Rd3 34.Rxd7 Rxd7 35.Rc1 Bb2 36.Rb1 Bf6
37.Rc1 Bb2 38.Rb1 Bf6  1/2-1/2

[Event "Washington International 2012"]
[Site "Rockville USA"]
[Date "2012.07.29"]
[Round "3"]
[White "Zenyuk,I"]
[Black "Friedel,J"]
[Result "0-1"]
[WhiteElo "2242"]
[BlackElo "2503"]

1.d4 d5 2.c4 e6 3.Nc3 Be7 4.Nf3 Nf6 5.Bf4 O-O 6.e3 Nbd7 7.Qc2 c5 8.dxc5 Nxc5
9.Be2 dxc4 10.Bxc4 a6 11.a4 Nd5 12.Bxd5 exd5 13.O-O Be6 14.Nd4 Rc8 15.Rfd1 Bf6
16.a5 Qe7 17.Na4 Nxa4 18.Qxa4 Rc4 19.Qa3 Rfc8 20.Bd6 Qd8 21.h3 h6 22.Bb4 Be5
23.Nf3 Bb8 24.Rd4 Qd7 25.Rad1 Bxh3 26.gxh3 Qxh3 27.Rf4 Bxf4 28.exf4 Rxf4
29.Nh2 Rg4+  0-1

[Event "Politiken Cup 2012"]
[Site "Helsingor DEN"]
[Date "2012.08.01"]
[Round "6.3"]
[White "Rudolf,An"]
[Black "Glud,J"]
[Result "1/2-1/2"]
[WhiteElo "2325"]
[BlackElo "2498"]

1.d4 d5 2.c4 e6 3.Nc3 Nf6 4.Nf3 Be7 5.Bf4 O-O 6.e3 Nbd7 7.c5 Nh5 8.Bd3 Nxf4
9.exf4 b6 10.b4 a5 11.a3 c6 12.O-O Qc7 13.Qd2 Ba6 14.Bxa6 Rxa6 15.Qe2 Rfa8
16.b5 cxb5 17.Nxd5 exd5 18.Qxe7 Rc8 19.Qd6 Qb7 20.c6 Qxc6 21.Qxc6 Rxc6 22.Rfb1 b4
23.axb4 Rc8 24.Kf1 Nf6 25.Nd2 a4 26.b5 Ra5 27.Ra3 Rc2 28.Ke1 h5 29.Rb4 Ne8
30.Kd1 Rc8 31.Raxa4 Rxa4 32.Rxa4 Nd6 33.Rb4 f6 34.Nf1 Kf7 35.Ne3 Ke6 36.f5+ Nxf5
37.Nxf5 Kxf5 38.Ra4 Rc3 39.Ra6 Rd3+ 40.Kc2 Rxd4 41.Rxb6 Ke5 42.Rb7 g5 43.Kc3 Rc4+
44.Kd3 Rb4 45.b6 Kd6 46.Rf7 Ke6 47.Rb7 Kd6 48.Rf7 Ke6 49.Rb7 Kd6  1/2-1/2

[Event "21st Kavala Open A"]
[Site "Kavala GRE"]
[Date "2012.08.01"]
[Round "9"]
[White "Jankovic,A"]
[Black "Ganguly,S"]
[Result "1/2-1/2"]
[WhiteElo "2543"]
[BlackElo "2627"]

1.d4 Nf6 2.c4 e6 3.Nf3 d5 4.Nc3 Be7 5.Bf4 O-O 6.e3 Nbd7 7.a3 c5 8.cxd5 Nxd5
9.Nxd5 exd5 10.dxc5 Nxc5 11.Be5 Bg4 12.Be2 Ne6 13.O-O Bf6 14.Bxf6 Qxf6 15.Qd2 Rad8
16.Rad1 d4 17.Nxd4 Bxe2 18.Qxe2 Nxd4 19.exd4 Rxd4 20.Rxd4 Qxd4 21.Rc1 Qd7  1/2-1/2

[Event "21st Metro GM"]
[Site "Los Angeles USA"]
[Date "2012.08.05"]
[Round "5"]
[White "Kretchetov,A"]
[Black "Hess,Ro"]
[Result "1/2-1/2"]
[WhiteElo "2343"]
[BlackElo "2624"]

1.Nf3 Nf6 2.c4 e6 3.Nc3 d5 4.d4 Be7 5.Bf4 O-O 6.e3 Nbd7 7.h3 dxc4 8.Bxc4 c5
9.O-O a6 10.a4 cxd4 11.Qxd4 b6 12.Rfd1 Bb7 13.Ne5 Bc5 14.Qd3 Nxe5 15.Bxe5 Qc8
16.Bxf6 gxf6 17.Ne4 Be7 18.Ng3 Qc6 19.Qf1 Rfc8 20.Be2 Qe8 21.Rac1 Qxa4 22.Rxc8+ Rxc8
23.Ra1 Qc6 24.Bxa6 Bxa6 25.Qxa6 Bd6 26.Qe2 f5 27.Nh5 Qc1+ 28.Qf1 Qxf1+ 29.Kxf1 h6
30.Ra6 Rc1+ 31.Ke2 Rc2+ 32.Kf3 Bb4 33.Rxb6 Be1 34.Kf4 Rxf2+ 35.Ke5 Rxb2 36.Rxb2 Bc3+
37.Kf4 Bxb2 38.g4 fxg4 39.hxg4 f6 40.Kf3 Be5 41.e4 Kf7 42.Kg2 Kg6 43.Kf3 Bb8
44.Kg2 Kg5 45.Kf3 f5 46.exf5 exf5 47.gxf5  1/2-1/2

[Event "11th Braunau Open A"]
[Site "Ranshofen AUT"]
[Date "2012.08.05"]
[Round "3.2"]
[White "Panchanathan,M"]
[Black "Farago,I"]
[Result "1/2-1/2"]
[WhiteElo "2564"]
[BlackElo "2491"]

1.d4 Nf6 2.Nf3 e6 3.c4 d5 4.Nc3 Be7 5.Bf4 O-O 6.e3 b6 7.cxd5 Nxd5 8.Bg3 c5
9.Bd3 cxd4 10.exd4 Bb7 11.O-O Nd7 12.a3 N7f6 13.Qe2 Rc8 14.Ne4 Nh5 15.Bb1 Nxg3
16.hxg3 Nf6 17.Re1 Bd5 18.Ne5 Bxe4 19.Bxe4 Qxd4 20.Nc6 Qd7 21.Red1 Qc7 22.Bf3 Bc5
23.Rac1 Nd5 24.Bxd5 exd5 25.Rxc5 Rce8 26.Ne7+ Qxe7 27.Qxe7 Rxe7 28.Rcxd5  1/2-1/2

[Event "16th HZ Open"]
[Site "Vlissingen NED"]
[Date "2012.08.05"]
[Round "3"]
[White "Raznikov,D"]
[Black "Bottema,M"]
[Result "1-0"]
[WhiteElo "2462"]
[BlackElo "2084"]

1.d4 Nf6 2.Nf3 d5 3.c4 e6 4.Nc3 Be7 5.Bf4 O-O 6.e3 Nbd7 7.c5 c6 8.h3 b6 9.b4 a5
10.a3 Ba6 11.Bxa6 Rxa6 12.b5 cxb5 13.c6 Qc8 14.c7 b4 15.Nb5 Qb7 16.a4 Ne4
17.O-O Nc3 18.Qd3 Raa8 19.Nxc3 bxc3 20.Qxc3 Bb4 21.Qd3 Rfc8 22.Qb5 Nf6 23.Rfc1 Ne8
24.Qd7 Nf6 25.Qc6 Ra7 26.Qb5 Ne4 27.Rc2 Bd6 28.Bxd6 Nxd6 29.Qd7 Nc4 30.Qd8+  1-0

[Event "38th Badalona Open A"]
[Site "Badalona ESP"]
[Date "2012.08.07"]
[Round "7.5"]
[White "Rojas Keim,L"]
[Black "Bykov,Alexe1"]
[Result "1-0"]
[WhiteElo "2426"]
[BlackElo "2374"]

1.d4 d5 2.Nf3 Nf6 3.c4 e6 4.Nc3 Be7 5.Bf4 O-O 6.e3 c5 7.dxc5 Bxc5 8.Qc2 Nc6
9.a3 Qa5 10.Rd1 Be7 11.Be2 dxc4 12.Bxc4 e5 13.Bg3 Bg4 14.O-O Rfd8 15.Ng5 Bh5
16.Qb3 Rf8 17.Qxb7 Qc5 18.Qb5 Nd7 19.Nge4 Qxb5 20.Bxb5 Rfc8 21.Nd5 Kf8 22.Rc1 Ndb8
23.Nxe7 Kxe7 24.Bxe5 a6 25.Nd6  1-0

[Event "16th Izmailov Mem"]
[Site "Tomsk RUS"]
[Date "2012.08.08"]
[Round "2.15"]
[White "Karimov,I"]
[Black "Postnikov,A"]
[Result "1/2-1/2"]
[WhiteElo "2347"]
[BlackElo "2107"]

1.Nf3 d5 2.d4 e6 3.c4 Nf6 4.Nc3 Be7 5.Bf4 c5 6.e3 O-O 7.Be2 Nc6 8.cxd5 Nxd5
9.Nxd5 Qxd5 10.dxc5 Qxc5 11.O-O Rd8 12.Qb3 Qb4 13.Qxb4 Nxb4 14.a3 Nd3 15.Bxd3 Rxd3
16.Rfd1 Rxd1+ 17.Rxd1 f6 18.Bd6 Kf7 19.Bxe7 Kxe7 20.Rc1 Bd7 21.Rc7 Rc8 22.Rxc8 Bxc8
23.Kf1 e5 24.Nd2 Be6 25.Ke2 Bd5 26.e4 Be6 27.Kd3 Kd6 28.Nf1 b6 29.Ne3 Kc5
30.h4 Kd6 31.Kc3 Kc5 32.Nc2 Bc8 33.f3 Bd7 34.Nb4 Be6 35.Na6+ Kc6 36.a4 Bc8
37.Nb4+ Kd6 38.Nd5 Be6 39.Ne3 Kc5 40.b4+ Kc6 41.h5 Kd6 42.Nc2 a6 43.Ne3 Kc6
44.Nd1 Bf7 45.g4 Be6 46.Ne3 Kd6 47.Nf1 Bd7  1/2-1/2

[Event "16th HZ Open"]
[Site "Vlissingen NED"]
[Date "2012.08.08"]
[Round "6"]
[White "Esen,B"]
[Black "Ganguly,S"]
[Result "1/2-1/2"]
[WhiteElo "2587"]
[BlackElo "2629"]

1.d4 Nf6 2.Nf3 e6 3.c4 d5 4.Nc3 Be7 5.Bf4 O-O 6.e3 Nbd7 7.c5 Ne4 8.Bd3 f5
9.Bxe4 fxe4 10.Ne5 Nxe5 11.Bxe5 b6 12.b4 a5 13.a3 bxc5 14.bxc5 Rf5 15.Bg3 Bh4
16.Qa4 Bd7 17.Qc2 Qg5 18.c6 Be8 19.Rb1 Bxg3 20.hxg3 Ra6 21.Rb8 Rf8 22.Qe2 Rb6
23.Rxb6 cxb6 24.Qb5 Qe7 25.O-O Qxa3 26.Na4 Qb4 27.Qxb4 axb4  1/2-1/2

[Event "II Brazil Maringa Open"]
[Site "Maringa BRA"]
[Date "2012.08.09"]
[Round "2.31"]
[White "Goncalves,I"]
[Black "Cardoso,Matheus Santos"]
[Result "1-0"]
[WhiteElo "2116"]
[BlackElo "1767"]

1.d4 d5 2.Nf3 Nf6 3.c4 e6 4.Nc3 Be7 5.Bf4 c6 6.e3 O-O 7.Bd3 b6 8.O-O Ba6
9.Qe2 Nh5 10.Bxb8 Qxb8 11.Ne5 Nf6 12.Nxc6 Qc7 13.cxd5 Bxd3 14.Qxd3 Nxd5 15.Nxd5 exd5
16.Qb5 Bd6 17.g3 Rfc8 18.Rac1  1-0

[Event "II Brazil Maringa Open"]
[Site "Maringa BRA"]
[Date "2012.08.10"]
[Round "4.23"]
[White "Goncalves,I"]
[Black "Guimaraes,Artemis Pamela"]
[Result "1/2-1/2"]
[WhiteElo "2116"]
[BlackElo "1996"]

1.Nf3 Nf6 2.c4 e6 3.Nc3 d5 4.d4 Be7 5.Bf4 c5 6.dxc5 Bxc5 7.e3 O-O 8.cxd5 Nxd5
9.Nxd5 exd5 10.Bd3 Bg4 11.Bxh7+ Kxh7 12.Qc2+ Kg8 13.Qxc5 Na6 14.Qd4 Rc8 15.O-O Bxf3
16.gxf3 Nc5 17.Bg3 Ne6 18.Qxa7 Qf6 19.Kg2 Qf5 20.h4 d4 21.Qxb7 dxe3 22.fxe3 Rc2+
23.Rf2 Rxf2+ 24.Bxf2 Qg6+ 25.Kh2 Qc2 26.Rf1 Rd8 27.Kg2 Rd2 28.Qb8+ Kh7 29.b4 Qxa2
30.Qe5 Rb2 31.b5 Qb3 32.Qe4+ Kg8 33.Rc1 Qa2 34.Rc8+ Nf8 35.Qe7 Rxf2+ 36.Kg3 Rg2+
37.Kf4 Qc4+ 38.Rxc4 Ng6+ 39.Ke4 Nxe7 40.Rc7 Ng6 41.b6 Rb2 42.b7 Nf8 43.Kd5 g6
44.Kc6 Kg7 45.Rc8 Rc2+ 46.Kd6 Rd2+ 47.Kc7 Ne6+ 48.Kc6 Nd8+ 49.Rxd8 Rxd8 50.Kc7 Re8
51.b8=Q Rxb8 52.Kxb8 Kh6 53.Kc7  1/2-1/2

[Event "II Brazil Maringa Open"]
[Site "Maringa BRA"]
[Date "2012.08.11"]
[Round "6.25"]
[White "Cruz,Will"]
[Black "Carneiro,Vitor Roberto Castro"]
[Result "0-1"]
[WhiteElo "2188"]
[BlackElo "2002"]

1.d4 d5 2.c4 e6 3.Nc3 Be7 4.Nf3 Nf6 5.Bf4 O-O 6.e3 c5 7.Bd3 cxd4 8.exd4 Nc6
9.c5 Nh5 10.Be3 f5 11.O-O Nf6 12.Bb5 Ne4 13.Bxc6 bxc6 14.Bf4 Bd7 15.Qc2 Be8
16.Ne2 g5 17.Be5 Bg6 18.Nd2 f4 19.Qd1 Nxd2 20.Qxd2 f3 21.Nc3 fxg2 22.Kxg2 Qe8
23.b4 Rf5 24.a4 Qf7 25.Ne2 a6 26.Ra3 Rf8 27.Ng3 Rf3 28.Rxf3 Qxf3+ 29.Kg1 h5
30.Qe3 h4 31.Qxf3 Rxf3 32.Ne2 Rb3 33.b5 axb5 34.axb5 Rxb5 35.Ra1 Rb1+ 36.Rxb1 Bxb1
37.Nc1 Bd8 38.Kg2 Kf7 39.h3 Bf6 40.Nb3 Bd8 41.Nd2 Bf5 42.f4 g4 43.hxg4 Bxg4
44.Nf1 Kg6 45.Ne3 Kh5 46.Nc2 Ba5 47.Ne3 Bd2 48.Nf1 Bc1 49.Kf2 Bf5 50.Nh2 Be4
51.Bd6 Bd2 52.Bc7 Bc1 53.Bd6 h3 54.Kg3 Bg2 55.Ng4 Bb2 56.Be5 Bc3 57.Nf6+ Kg6
58.Nd7 Be1+ 59.Kh2 Kf5 60.Nf6 Bh4 61.Nh7 Kg4 62.Nf6+ Kf3 63.Nh5 Kf2 64.Bd6 Kf1
65.Ng3+ Bxg3+ 66.Kxg3 Kg1 67.f5 exf5 68.Bf4 Kf1 69.Be5 Ke2 70.Bf4 Kd3 71.Be5 Ke4
72.Kh2 f4 73.Bf6 f3 74.Kg1 Ke3 75.Bh4  0-1

[Event "II Brazil Maringa Open"]
[Site "Maringa BRA"]
[Date "2012.08.11"]
[Round "7.17"]
[White "Abdalla,L"]
[Black "Aoyama,E"]
[Result "1-0"]
[WhiteElo "2338"]
[BlackElo "1915"]

1.d4 d5 2.c4 e6 3.Nc3 Nf6 4.Nf3 Be7 5.Bf4 O-O 6.e3 c6 7.c5 Nbd7 8.Bd3 Re8
9.b4 Nf8 10.O-O Nh5 11.a4 Nxf4 12.exf4 b6 13.Ne5 Bd7 14.a5 bxc5 15.bxc5 Qc7
16.g3 Rab8 17.Qa4 f6 18.Nf3 Red8 19.Rfe1 Be8 20.Re3 Bh5 21.Rae1 Bxf3 22.Rxf3 Rb2
23.Nd1 Rbb8 24.Rfe3 Rd7 25.a6 Rdd8 26.Bf5 exf5 27.Rxe7 Rd7 28.R7e2 g6 29.Nc3 Kf7
30.Na2 Rb5 31.Nb4 Qa5 32.Qxa5 Rxa5  1-0

[Event "28th Geraardsbergen Open"]
[Site "Geraardsbergen BEL"]
[Date "2012.08.12"]
[Round "4.10"]
[White "Goormachtigh,J"]
[Black "Passchyn,M"]
[Result "1-0"]
[WhiteElo "2177"]
[BlackElo "1931"]

1.d4 Nf6 2.c4 e6 3.Nf3 d5 4.Nc3 Be7 5.Bf4 O-O 6.e3 c6 7.h3 Nbd7 8.Qc2 Re8
9.Rd1 Nf8 10.Ne5 dxc4 11.Bxc4 Nd5 12.O-O Bd6 13.Bg3 f6 14.e4 Nb6 15.Bb3 Qc7
16.Ng4 Bxg3 17.fxg3 Qxg3 18.e5 fxe5 19.Qf5 Bd7 20.Qg5 Kh8 21.Ne4 h6 22.Qh5 Qf4
23.Rxf4 exf4 24.Ne5 Re7 25.Nd6 Nd5 26.Qh4  1-0

[Event "II Brazil Maringa Open"]
[Site "Maringa BRA"]
[Date "2012.08.12"]
[Round "9.6"]
[White "Stamenkovic,Dr"]
[Black "Carneiro,Vitor Roberto Castro"]
[Result "1-0"]
[WhiteElo "2383"]
[BlackElo "2002"]

1.d4 d5 2.c4 e6 3.Nc3 Be7 4.Nf3 Nf6 5.Bf4 O-O 6.e3 Nbd7 7.Rc1 c6 8.Bd3 dxc4
9.Bxc4 Nd5 10.Bg3 b5 11.Bd3 Nxc3 12.bxc3 Qa5 13.Qc2 h6 14.O-O Bb7 15.Rb1 Rac8
16.c4 bxc4 17.Bh7+  1-0

[Event "Stare Mesto Open 2012"]
[Site "Stare Mesto CZE"]
[Date "2012.08.12"]
[Round "4.5"]
[White "Simantsev,M"]
[Black "Shanel,J"]
[Result "1-0"]
[WhiteElo "2526"]
[BlackElo "2191"]

1.d4 d5 2.c4 e6 3.Nc3 Nf6 4.Nf3 Be7 5.Bf4 O-O 6.e3 c5 7.dxc5 Bxc5 8.Qc2 Bb4
9.Be2 Ne4 10.O-O Nxc3 11.bxc3 Bd6 12.Bxd6 Qxd6 13.Rfd1 Qc5 14.cxd5 exd5 15.Rab1 a6
16.Qb3 b5 17.Rxd5 Qc7 18.Rdd1 Nc6 19.Nd4 Bb7 20.a4 Na5 21.Qb4 bxa4 22.Qxa4 Qe5
23.Ra1  1-0

[Event "16th Izmailov Mem"]
[Site "Tomsk RUS"]
[Date "2012.08.12"]
[Round "6.20"]
[White "Isaev,Anton"]
[Black "Postnikov,A"]
[Result "1-0"]
[WhiteElo "2025"]
[BlackElo "2107"]

1.d4 d5 2.c4 e6 3.Nc3 Be7 4.Nf3 Nf6 5.Bf4 c5 6.dxc5 Bxc5 7.e3 O-O 8.a3 b6
9.cxd5 exd5 10.Be2 Bb7 11.b4 Be7 12.O-O Nh5 13.Be5 Nf6 14.Qb3 Nbd7 15.Bg3 a6
16.Ne5 Rc8 17.Nxd7 Qxd7 18.Rac1 Rfd8 19.Rfd1 Qf5 20.h3 Qg5 21.Bf3 Ne4 22.Nxe4 dxe4
23.Be2 b5 24.Bf4 Qf6 25.Rxd8+ Rxd8 26.Qc2 h6 27.Bg4 Bd6 28.Bxd6 Qxd6 29.Qc7 Bd5
30.Rc5 g6 31.Qxd8+ Qxd8 32.Rc8 Qxc8 33.Bxc8 Kf8 34.Bxa6 Bc6 35.Bc8 h5 36.h4 Ke7
37.Bh3 Kd6 38.g3 Kd5 39.Bf1 Bd7 40.Be2 Ke5 41.Kf1 Bc6 42.Ke1 Bd7 43.Kd2 Bc6
44.Kc3 Kd5 45.f4 Bd7 46.Bd1 Kd6 47.Kd4 Bc6 48.Bb3 Ke7 49.Bd5  1-0

[Event "Stare Mesto Open 2012"]
[Site "Stare Mesto CZE"]
[Date "2012.08.14"]
[Round "6.3"]
[White "Simantsev,M"]
[Black "Jasny,S"]
[Result "1/2-1/2"]
[WhiteElo "2526"]
[BlackElo "2308"]

1.d4 d5 2.c4 e6 3.Nc3 Be7 4.Nf3 Nf6 5.Bf4 O-O 6.e3 c5 7.dxc5 Bxc5 8.Qc2 Nc6
9.a3 Qa5 10.Nd2 Be7 11.Bg3 Qb6 12.Rd1 d4 13.Na4 Qd8 14.Nb3 e5 15.exd4 Nxd4
16.Nxd4 exd4 17.Be2 Bd7 18.b4 Bxa4 19.Qxa4 Ne4 20.Qc2 Nc3 21.Rd3 Nxe2 22.Qxe2 Re8
23.O-O Bxb4 24.Qf3 Bc5 25.Qxb7 Qb6 26.Qd7 Qg6 27.Rf3 Rad8 28.Qb5 Qb6 29.Rd1 Qxb5
30.cxb5 d3 31.Kf1 Bxa3 32.Rfxd3 Rxd3 33.Rxd3 Bc5 34.Rd7 h6 35.f3 Bb6 36.Rb7 Rc8
37.Rb8 Rxb8 38.Bxb8 Kf8 39.Bd6+ Ke8 40.Ke2 h5 41.Kd3 Kd7 42.Bf8  1/2-1/2

[Event "Prva liga RS seniori 2012"]
[Site "Banja Vrucica SRB"]
[Date "2012.08.16"]
[Round "6"]
[White "Bozic,Mila"]
[Black "Benkovic,P"]
[Result "1/2-1/2"]
[WhiteElo "2443"]
[BlackElo "2408"]

1.c4 e6 2.Nc3 d5 3.d4 Nf6 4.Nf3 Be7 5.Bf4 O-O 6.e3 Nbd7 7.cxd5 Nxd5 8.Nxd5 exd5
9.a3 c6 10.Bd3 Nf6 11.h3 Bd6 12.Bxd6 Qxd6 13.O-O  1/2-1/2

[Event "EY Boys U14 2012"]
[Site "Prague CZE"]
[Date "2012.08.17"]
[Round "1.33"]
[White "Christiansen,Johan-Sebastian"]
[Black "Miknevicius,Laurynas"]
[Result "0-1"]
[WhiteElo "2073"]
[BlackElo "1830"]

1.c4 e6 2.Nc3 d5 3.d4 Be7 4.Nf3 Nf6 5.Bf4 O-O 6.e3 c5 7.Be2 dxc4 8.Bxc4 Nc6
9.dxc5 Bxc5 10.O-O Qe7 11.Bg5 a6 12.e4 Bd6 13.Qe2 Qc7 14.Rac1 Ng4 15.h3 Nge5
16.Nxe5 Bxe5 17.Be3 b5 18.Bd3 Rd8 19.Bb1 Bb7 20.Kh1 Rac8 21.f4 Bd4 22.Qf2 Qb6
23.Bxd4 Qxd4 24.Qh4 Qf6 25.Qg3 Nd4 26.Rce1 Qg6 27.Qf2 Rd7 28.a3 Rcd8 29.Kh2 Nb3
30.e5 Qh5 31.Re2 Nd2 32.Rfe1 Nxb1 33.Nxb1 Qf5 34.Nc3 h5 35.Rf1 Rd4 36.Kg1 Bc6
37.Re3 a5 38.Qh4 b4 39.Ne2 Rd2 40.Rf2 Rd1+ 41.Kh2 R8d2 42.axb4 axb4 43.Qe7 Rxb2
44.Qc7 Bd5 45.Rg3 Rbb1 46.Re3 Rh1+ 47.Kg3 Qg6+ 48.Kh4 Qg4+  0-1

[Event "2nd Metropolitan International"]
[Site "Los Angeles USA"]
[Date "2012.08.18"]
[Round "8"]
[White "Karman,Allan"]
[Black "Helfst,Matt D"]
[Result "0-1"]
[WhiteElo "2068"]
[BlackElo "1991"]

1.d4 d5 2.Nf3 Nf6 3.c4 e6 4.Nc3 Be7 5.Bf4 c6 6.e3 O-O 7.Qc2 Nbd7 8.O-O-O a5
9.e4 dxc4 10.Bxc4 b5 11.Bd3 b4 12.Na4 Ba6 13.Bxa6 Rxa6 14.Kb1 Qa8 15.Rhe1 Rc8
16.h3 Ra7 17.Rc1 Bd8 18.Bd6 Ne8 19.Bc5 Rb7 20.Qd3 Nc7 21.Rc2 Qb8 22.Nd2 Nb5
23.e5 Nb6 24.Bxb6 Bxb6 25.Nxb6 Rxb6 26.Rec1 a4 27.Rc4 Nc3+ 28.Ka1 Nd5 29.Ne4 Qa7
30.g3 a3 31.b3 h6 32.h4 Qe7 33.Rc5 Rc7 34.Ra5 f5 35.Ra8+ Kh7 36.Nd6 Nc3 37.g4 g6
38.h5 Qg5 39.hxg6+ Kxg6 40.gxf5+ exf5 41.Rg8+ Rg7 42.Qxf5+ Qxf5 43.Rxg7+ Kxg7
44.Nxf5+ Kg6 45.Ng3 Rb8 46.f4 Rd8 47.f5+ Kh7 48.e6 Rxd4 49.e7 Rd2 50.Rxc3 Rd1+  0-1

[Event "12th ch-Euro Seniors"]
[Site "Kaunas LTU"]
[Date "2012.08.20"]
[Round "3.3"]
[White "Giulian,P"]
[Black "Butnorius,A"]
[Result "0-1"]
[WhiteElo "2266"]
[BlackElo "2388"]

1.d4 d5 2.c4 e6 3.Nf3 Nf6 4.Nc3 Be7 5.Bf4 O-O 6.e3 c5 7.dxc5 Bxc5 8.Qc2 Nc6
9.a3 Qa5 10.Rd1 Be7 11.Bg3 Rd8 12.Nd2 Rd7 13.Be2 Qd8 14.Nf3 dxc4 15.Bxc4 Rxd1+
16.Qxd1 Qxd1+ 17.Kxd1 a6 18.Ne5 Nxe5 19.Bxe5 b5 20.Be2 Bb7 21.Bf3 Bxf3+ 22.gxf3 Rc8
23.Kd2 Nd7 24.Bg3 Nb6 25.Rc1 Nc4+ 26.Kc2 Bf6 27.Kb3 h5 28.e4 Nd2+  0-1

[Event "4th Pilsen Open 2012"]
[Site "Plzen CZE"]
[Date "2012.08.20"]
[Round "3.17"]
[White "Maly,Ant"]
[Black "Smrckova,S"]
[Result "1/2-1/2"]
[WhiteElo "1847"]
[BlackElo "1578"]

1.d4 d5 2.Nf3 Nf6 3.c4 e6 4.Nc3 Be7 5.Bf4 O-O 6.e3 c5 7.Be2 Nc6 8.O-O a6
9.cxd5 Nxd5 10.Nxd5 Qxd5 11.dxc5 Qxc5 12.Rc1 Qb4 13.Qc2 Bf6 14.b3 Qe7 15.Rfd1 Nb4
16.Qb1 Nd5 17.Be5 b5 18.Qb2 Bb7 19.Bxf6  1/2-1/2

[Event "III Sarkany-Aranytiz IM"]
[Site "Budapest HUN"]
[Date "2012.08.21"]
[Round "4.3"]
[White "Kojima,S"]
[Black "Roos,J"]
[Result "1-0"]
[WhiteElo "2282"]
[BlackElo "2270"]

1.Nf3 d5 2.d4 e6 3.c4 Nf6 4.Nc3 Be7 5.Bf4 O-O 6.e3 c6 7.h3 Nbd7 8.Qc2 dxc4
9.Bxc4 Nb6 10.Bb3 Nbd5 11.Bh2 b6 12.O-O Bb7 13.Rfd1 b5 14.Ne5 a5 15.a4 Qb6
16.Rac1 Rac8 17.Qe2 Ba6 18.Nb1 bxa4 19.Bc4 Bb5 20.e4 Nc7 21.Nc3 Bb4 22.Bf4 Rfd8
23.Bg5 Be7 24.Be3 Qb7 25.Ra1 Bb4 26.Bg5 Bxc3 27.bxc3 Nce8 28.Rdb1 Nd6 29.Bxf6 gxf6
30.Bxb5 cxb5 31.Ng4 f5 32.Nf6+ Kg7 33.e5 Ne4 34.Qh5 h6 35.Nxe4 Qxe4 36.Rxb5 Rxc3
37.Rxa5 Qxd4 38.R5xa4 Qxe5 39.Rg4+ Kf8 40.Qxh6+  1-0

[Event "EY Boys U14 2012"]
[Site "Prague CZE"]
[Date "2012.08.21"]
[Round "5.59"]
[White "Taylor,Adam C"]
[Black "Skorepa,Jakub"]
[Result "1-0"]
[WhiteElo "1962"]
[BlackElo "1680"]

1.c4 e6 2.Nc3 d5 3.d4 Nf6 4.Nf3 Be7 5.Bf4 O-O 6.e3 b6 7.Bd3 Bb7 8.O-O Nbd7
9.Rc1 c6 10.Qc2 Rc8 11.Rfd1 h6 12.Qa4 a5 13.e4 dxe4 14.Nxe4 Nxe4 15.Bxe4 Nf6
16.Bb1 Bd6 17.Be5 Qe7 18.Qc2 g6 19.Qd2 Kh7 20.Qf4 Bxe5 21.dxe5 Nd7 22.h4 Kg7
23.h5 Rfd8 24.hxg6 fxg6 25.Qg3 Nf8 26.Nd2 c5 27.Ne4 Bxe4 28.Bxe4 Rxd1+ 29.Rxd1 Rd8
30.Rd6 Rxd6 31.exd6 Qg5 32.Qxg5 hxg5 33.Bc6 Kf6 34.Kh2 e5 35.Kg3 Ke6 36.d7 Nxd7
37.Bxd7+ Kxd7 38.Kg4 Ke7 39.Kxg5 Kf7 40.a4 Kg7 41.g4 Kf7 42.Kh6 Kf6 43.f3 g5
44.Kh5  1-0

[Event "12th ch-Euro Seniors"]
[Site "Kaunas LTU"]
[Date "2012.08.25"]
[Round "8.42"]
[White "Pitkanen,Ju"]
[Black "Auvinen,E"]
[Result "0-1"]
[WhiteElo "1761"]
[BlackElo "1958"]

1.d4 Nf6 2.c4 e6 3.Nc3 d5 4.Nf3 Be7 5.Bf4 a6 6.e3 O-O 7.c5 b6 8.b4 c6 9.Bd3 a5
10.a3 Ba6 11.O-O Bxd3 12.Qxd3 Nbd7 13.h3 b5 14.Rfc1 Qc8 15.Ne5 Nxe5 16.Bxe5 Qa6
17.Qb1 Qb7 18.Qc2 Ra6 19.Ra2 Rfa8 20.Rca1 R8a7 21.f3 Qa8 22.Bg3 Nd7 23.f4 f5
24.Be1 Nf6 25.Nb1 Bd8 26.Qb3 axb4 27.Bxb4 Ne4 28.Qb2 Ra4 29.Nc3 Nxc3 30.Qxc3 Ba5
31.Rb1 Bxb4 32.Rxb4 Rxa3 33.Rxa3 Rxa3 34.Qd2 Qa5  0-1

[Event "14th Sants Open A Tie-Breaks"]
[Site "Barcelona ESP"]
[Date "2012.08.26"]
[Round "2.2"]
[White "Alonso Rosell,A"]
[Black "Narciso Dublan,M"]
[Result "1/2-1/2"]
[WhiteElo "2502"]
[BlackElo "2528"]

1.d4 d5 2.Nf3 Nf6 3.c4 e6 4.Nc3 Be7 5.Bf4 O-O 6.e3 c5 7.dxc5 Bxc5 8.Be2 Nc6
9.cxd5 exd5 10.O-O Be6 11.Rc1 Rc8 12.Nb5 Be7 13.Nfd4 Qb6 14.Nxc6 bxc6 15.Nd4 c5
16.Nxe6 fxe6 17.b3 Bd6 18.Bxd6 Qxd6 19.Bf3 Qe5 20.Qd2 Rc7 21.Rfd1 Rfc8 22.Qa5 g5
23.Qc3 Qxc3 24.Rxc3 Kf7 25.Rdc1 Ke7 26.R3c2 Kd6 27.Rd1 Ke5 28.Be2 c4 29.bxc4 dxc4
30.Rd4 c3 31.Kf1 Nd5 32.Bf3 Rc4 33.Rxc4 Rxc4 34.Bxd5 Kxd5 35.Ke2 Kc5 36.a3 e5
37.f3 g4 38.Kd3 gxf3 39.gxf3 Rh4 40.Rxc3+ Kb5 41.Rc7 a5 42.Re7 Rh5 43.Rb7+ Ka4
44.f4 exf4 45.exf4 Kxa3 46.Ke4 Rxh2 47.f5 h5 48.Kf3 Rh1 49.Kg2 Rh4 50.Kf3 Rh1
51.Kg2 Re1 52.f6 Re8 53.f7 Rf8 54.Kh3 a4 55.Kh4 Rh8 56.Re7 Rf8 57.Kxh5 Kb2
58.Kg6 a3 59.Rb7+ Kc2 60.Ra7 Kb2 61.Kg7 Rxf7+ 62.Kxf7 a2 63.Rxa2+ Kxa2  1/2-1/2